00314pab a2200121 454500008004000000100001700040245005800057260000900115300000900124362001100133650003600144773001200180180718b1995 xxu||||| |||| 00| 0 eng d aHardwari Lal aIndian Constitutionbwhy change system of government? c1995 ap.10 a21 Feb aIndia - Politics and government aTribune